[Event "WC-2016-Q-00005"]
[Site "LSS email"]
[Date "2013.10.22"]
[Round "?"]
[White "Fages, Jorge Juan"]
[Black "Garbar, Andrey V"]
[Result "0-1"]
[WhiteElo "2152"]
[BlackElo "2321"]
[PlyCount "154"]
[EventDate "2013.10.27"]
[EventType "tourn (corr)"]
[EventRounds "12"]
[EventCountry "GER"]
[SourceTitle "Corr 2015"]
[Source "ChessBase"]
[SourceDate "2015.07.17"]
[SourceVersion "1"]
[SourceVersionDate "2015.07.17"]
[SourceQuality "1"]

1. d4 Nf6 2. c4 e6 3. Nf3 b6 4. g3 Ba6 5. b3 Bb4+ 6. Bd2 Be7 7. Bg2 c6 8. Bc3 d5 9. Ne5 Nfd7 10. Nxd7 Nxd7 11. Nd2 0-0 12. 0-0 f5 13. Rc1 Ba3 14. Rc2 Qe7 15. Qb1 Bd6 16. b4 Rac8 17. b5 cxb5 18. cxb5 Bb7 19. Rfc1 a6 20. Ba1 Rxc2 21. Rxc2 f4 22. Nf3 axb5 23. gxf4 Bxf4 24. Qxb5 Bd6 25. e3 Ra8 26. Ne5 Nxe5 27. dxe5 Bc5 28. Bd4 Rc8 29. a4 Bc6 30. Bxc5 Qe8 31. Qb4 Bxa4 32. Rc3 bxc5 33. Rxc5 Rb8 34. Qd2 Qh5 35. f4 h6 36. Rc1 Qf5 37. e4 dxe4 38. Qd4 Be8 39. Qxe4 Qh5 40. Qd3 Bg6 41. Qd6 Re8 42. Qd2 Kh7 43. h3 Rb8 44. Rc4 Bf5 45. Kh2 Qh4 46. Qe3 Rb2 47. Rc7 Qd8 48. Qa7 Qf8 49. Qd4 Qa3 50. Rc3 Qa5 51. Rf3 Rd2 52. Qe3 Qb4 53. Kg1 Rc2 54. Rf1 Rc3 55. Qf2 Qb3 56. h4 Rc2 57. Qf3 Qb6+ 58. Kh1 Rd2 59. Qc3 Qd8 60. Kg1 Rc2 61. Qg3 Qd4+ 62. Kh1 Rd2 63. h5 Be4 64. Bxe4+ Qxe4+ 65. Kg1 Qf5 66. Rf2 Rd1+ 67. Rf1 Rxf1+ 68. Kxf1 Qxh5 69. Ke1 Qf5 70. Kd1 h5 71. Kd2 Qg4 72. Qe3 h4 73. Qf2 h3 74. Kc3 Kg6 75. Qc2+ Kh6 76. Qf2 Qh5 77. Qf1 h2 0-1

[Event "WC-2016-Q-00005"]
[Site "LSS email"]
[Date "2013.10.22"]
[Round "?"]
[White "Kudryavtsev, Yaroslav Viktorovic"]
[Black "Garbar, Andrey V"]
[Result "1/2-1/2"]
[WhiteElo "1961"]
[BlackElo "2321"]
[PlyCount "82"]
[EventDate "2013.10.27"]
[EventType "tourn (corr)"]
[EventRounds "12"]
[EventCountry "GER"]
[SourceTitle "Corr 2015"]
[Source "ChessBase"]
[SourceDate "2015.07.17"]
[SourceVersion "1"]
[SourceVersionDate "2015.07.17"]
[SourceQuality "1"]

1. e4 e5 2. Nf3 Nc6 3. Bc4 Bc5 4. b4 Bxb4 5. c3 Ba5 6. d4 exd4 7. 0-0 Nge7 8. cxd4 d5 9. exd5 Nxd5 10. Ba3 Be6 11. Nbd2 Bb4 12. Bxb4 Ncxb4 13. Qa4+ Nc6 14. Ba6 Qc8 15. Rfc1 0-0 16. Bxb7 Qxb7 17. Qxc6 Qxc6 18. Rxc6 Rfb8 19. h3 h6 20. Rc5 Rb2 21. a4 Nf4 22. Rxc7 Bd5 23. Rc5 Rd8 24. Rb5 Rc2 25. Re1 a6 26. Ra5 Rd6 27. Re8+ Kh7 28. Re5 Rg6 29. Nh4 Rg5 30. Ndf3 Nxh3+ 31. Kh2 Rxe5 32. Nxe5 Nf4 33. Kg3 Ne2+ 34. Kh2 Nc3 35. Rc5 Bb3 36. a5 Nb5 37. Rxc2 Bxc2 38. d5 Be4 39. Nxf7 Bxd5 40. Ne5 g5 41. Nd7 Bc6 1/2-1/2

[Event "CP-2010-S-00002"]
[Site "LSS email"]
[Date "2013.05.01"]
[Round "?"]
[White "Garbar, Andrey V"]
[Black "Sidenko, Anatoly Viktorovich"]
[Result "1/2-1/2"]
[WhiteElo "2294"]
[BlackElo "2290"]
[PlyCount "50"]
[EventDate "2013.05.05"]
[EventType "tourn (corr)"]
[EventRounds "7"]
[EventCountry "GER"]
[SourceTitle "Telechess CBM 167"]
[Source "ChessBase"]
[SourceDate "2015.07.13"]
[SourceVersion "1"]
[SourceVersionDate "2015.07.13"]
[SourceQuality "1"]

1. e4 c5 2. Nf3 d6 3. d4 cxd4 4. Nxd4 Nf6 5. Nc3 a6 6. Be3 e5 7. Nb3 Be6 8. f3 h5 9. Nd5 Bxd5 10. exd5 Nbd7 11. Qd2 g6 12. 0-0-0 Bg7 13. Kb1 Qc7 14. Be2 0-0 15. g4 Rfc8 16. Rc1 a5 17. g5 Ne8 18. a4 Nb6 19. Bb5 Nc4 20. Qe2 Nxe3 21. Qxe3 Qd8 22. Nd2 Nc7 23. c4 Nxb5 24. cxb5 Rxc1+ 25. Rxc1 Rc8 1/2-1/2

[Event "WC-2015-Q-00001"]
[Site "LSS email"]
[Date "2012.09.11"]
[Round "?"]
[White "Zidu, Jan"]
[Black "Garbar, Andrey V"]
[Result "1/2-1/2"]
[WhiteElo "2409"]
[BlackElo "2312"]
[PlyCount "47"]
[EventDate "2012.09.17"]
[EventType "tourn (corr)"]
[EventRounds "10"]
[EventCountry "GER"]
[SourceTitle "Telechess CBM 163"]
[Source "ChessBase"]
[SourceDate "2014.11.11"]
[SourceVersion "2"]
[SourceVersionDate "2014.11.11"]
[SourceQuality "1"]

1. e4 e5 2. Nf3 Nf6 3. Nxe5 d6 4. Nf3 Nxe4 5. d4 d5 6. Bd3 Nc6 7. 0-0 Be7 8. c4 Nb4 9. Be2 0-0 10. Nc3 Bf5 11. a3 Nxc3 12. bxc3 Nc6 13. Re1 Re8 14. Bf4 dxc4 15. Bxc4 Bd6 16. Rxe8+ Qxe8 17. Qd2 Qd7 18. Nh4 Na5 19. Ba2 Be6 20. d5 Bf5 21. Re1 b6 22. Bxd6 cxd6 23. h3 h6 24. Nxf5 1/2-1/2

[Event "BI-2012-P-00017"]
[Site "LSS email"]
[Date "2012.04.20"]
[Round "?"]
[White "Garbar, Andrey V"]
[Black "Montenegro Chamorro, Jose Antonio"]
[Result "1-0"]
[WhiteElo "2312"]
[BlackElo "1048"]
[PlyCount "45"]
[EventDate "2012.04.22"]
[EventType "tourn (corr)"]
[EventRounds "10"]
[EventCountry "GER"]
[SourceTitle "Telechess CBM 161"]
[Source "ChessBase"]
[SourceDate "2014.07.16"]
[SourceVersion "1"]
[SourceVersionDate "2014.07.16"]
[SourceQuality "1"]

1. e4 e5 2. Nf3 Nc6 3. Bb5 a6 4. Ba4 Nf6 5. 0-0 d6 6. c3 Bd7 7. d4 b5 8. Bc2 Be7 9. h3 0-0 10. a3 Qc8 11. Be3 a5 12. b3 Qb7 13. Nbd2 b4 14. d5 Na7 15. c4 c5 16. Ne1 Ne8 17. Nd3 f5 18. axb4 axb4 19. f4 exf4 20. Nxf4 fxe4 21. Nxe4 Nf6 22. Ng5 g6 23. Bxg6 1-0

[Event "BI-2012-P-00017"]
[Site "LSS email"]
[Date "2012.04.20"]
[Round "?"]
[White "Hammerschmidt, Volker"]
[Black "Garbar, Andrey V"]
[Result "0-1"]
[WhiteElo "1907"]
[BlackElo "2312"]
[PlyCount "94"]
[EventDate "2012.04.22"]
[EventType "tourn (corr)"]
[EventRounds "10"]
[EventCountry "GER"]
[SourceTitle "Telechess CBM 161"]
[Source "ChessBase"]
[SourceDate "2014.07.16"]
[SourceVersion "1"]
[SourceVersionDate "2014.07.16"]
[SourceQuality "1"]

1. c4 e5 2. Nc3 Nf6 3. g3 d5 4. cxd5 Nxd5 5. Bg2 Nb6 6. Nf3 Nc6 7. d3 Be7 8. a3 Be6 9. 0-0 0-0 10. b4 a5 11. bxa5 Rxa5 12. Bd2 f6 13. Qc2 Qd7 14. Rfb1 Rfa8 15. Nb5 R5a6 16. Qc1 Na4 17. Be3 Nd8 18. Qxc7 Qe8 19. Nxe5 fxe5 20. Bxb7 Nxb7 21. Qxb7 Nc5 22. Bxc5 Bxc5 23. Nc7 Qf7 24. e3 R6a7 25. Qc6 Qxc7 26. Qxe6+ Kh8 27. a4 Be7 28. Qd5 Rd8 29. Qb5 Ra5 30. Rc1 Qa7 31. Qc4 Qd7 32. Rcb1 Bf8 33. Rb5 Rxb5 34. axb5 Qxd3 35. Qc7 Rd6 36. b6 Qb3 37. Qxd6 Bxd6 38. Ra8+ Qg8 39. Rxg8+ Kxg8 40. Kg2 e4 41. f4 exf3+ 42. Kxf3 Kf7 43. Ke4 Ke6 44. Kd4 g5 45. b7 h5 46. Kc4 g4 47. Kd4 h4 0-1

[Event "CP-2010-Q-00014"]
[Site "LSS email"]
[Date "2012.01.15"]
[Round "?"]
[White "Garbar, Andrey V"]
[Black "Kriksciunas, Bronislavas"]
[Result "1/2-1/2"]
[WhiteElo "2293"]
[BlackElo "2192"]
[PlyCount "64"]
[EventDate "2012.01.20"]
[EventType "tourn (corr)"]
[EventRounds "6"]
[EventCountry "GER"]
[SourceTitle "Telechess CBM 159"]
[Source "ChessBase"]
[SourceDate "2014.03.17"]
[SourceVersion "1"]
[SourceVersionDate "2014.03.17"]
[SourceQuality "1"]

1. e4 e5 2. Nf3 Nf6 3. d4 Nxe4 4. Bd3 d5 5. Nxe5 Nd7 6. Nxd7 Bxd7 7. 0-0 Bd6 8. c4 0-0 9. cxd5 Re8 10. Qc2 Nf6 11. Nc3 h6 12. h3 a6 13. Rd1 b5 14. a3 c6 15. Ne4 Nxe4 16. Bxe4 Qh4 17. Bf3 cxd5 18. Bxd5 Rac8 19. Qg6 Be6 20. Bxe6 Rxe6 21. Qd3 Rce8 22. Bd2 Rf6 23. Rf1 Re4 24. Rac1 Rxd4 25. Rc8+ Bf8 26. Qc2 Rc4 27. Rxc4 Qxc4 28. Qxc4 bxc4 29. Bc3 Rc6 30. g4 f6 31. Rd1 Bd6 32. Kg2 Kf7 1/2-1/2

[Event "CP-2010-Q-00014"]
[Site "LSS email"]
[Date "2012.01.15"]
[Round "?"]
[White "Konstantinov, Maxim"]
[Black "Garbar, Andrey V"]
[Result "1/2-1/2"]
[WhiteElo "2213"]
[BlackElo "2293"]
[PlyCount "83"]
[EventDate "2012.01.20"]
[EventType "tourn (corr)"]
[EventRounds "6"]
[EventCountry "GER"]
[SourceTitle "Telechess CBM 159"]
[Source "ChessBase"]
[SourceDate "2014.03.17"]
[SourceVersion "1"]
[SourceVersionDate "2014.03.17"]
[SourceQuality "1"]

1. d4 Nf6 2. c4 e6 3. Nf3 b6 4. Nc3 Bb4 5. e3 Bb7 6. Bd3 0-0 7. 0-0 c5 8. Na4 cxd4 9. exd4 Bd6 10. Nc3 Nc6 11. Bg5 h6 12. Bh4 Be7 13. a3 d5 14. cxd5 Nxd5 15. Bg3 Nxc3 16. bxc3 Bd6 17. Bc2 Rc8 18. Qd3 g6 19. Qe3 Kg7 20. Be4 Ba6 21. Bd3 Bxd3 22. Qxd3 Bxg3 23. fxg3 Qd6 24. g4 e5 25. Rae1 exd4 26. cxd4 Rfe8 27. h4 Rxe1 28. Rxe1 Rd8 29. Re4 Qd5 30. Rf4 Rd7 31. Qe4 b5 32. Qxd5 Rxd5 33. Kf2 a5 34. g5 hxg5 35. Nxg5 f5 36. Ke3 Rd6 37. g4 Ne7 38. Kf2 Rf6 39. gxf5 Rxf5 40. Rf3 b4 41. axb4 a4 42. Ke2 1/2-1/2

[Event "WC-2014-S-00001"]
[Site "LSS email"]
[Date "2011.07.16"]
[Round "?"]
[White "Pintor, Manuel Abranches"]
[Black "Garbar, Andrey V"]
[Result "1/2-1/2"]
[WhiteElo "2111"]
[BlackElo "2286"]
[PlyCount "83"]
[EventDate "2011.07.22"]
[EventType "tourn (corr)"]
[EventRounds "6"]
[EventCountry "GER"]
[SourceTitle "Corr 2015"]
[Source "ChessBase"]
[SourceDate "2015.07.17"]
[SourceVersion "1"]
[SourceVersionDate "2015.07.17"]
[SourceQuality "1"]

1. e4 c6 2. c4 d5 3. exd5 cxd5 4. d4 Nf6 5. Nc3 Nc6 6. Nf3 Bg4 7. cxd5 Nxd5 8. Qb3 Bxf3 9. gxf3 e6 10. Nxd5 Qxd5 11. Qxd5 exd5 12. Be3 Bb4+ 13. Ke2 0-0 14. a3 Bd6 15. Bg2 Rae8 16. Kd3 Re6 17. h4 Rf6 18. Rac1 h5 19. Rc3 Bf4 20. Re1 Rd8 21. Rc5 Kf8 22. b4 Ne7 23. Rec1 Ng6 24. Rh1 a6 25. Kd2 Re8 26. Rc3 Rb6 27. Bf1 a5 28. b5 Rf6 29. Be2 Ne7 30. Bd1 Bd6 31. Kd3 Bf4 32. Kd2 g6 33. a4 Kg7 34. Rh3 Bd6 35. Kd3 Rd8 36. Bb3 Rd7 37. Rc2 Re6 38. Rh1 Bc7 39. Rhc1 Bb6 40. Rh1 Rf6 41. Rh3 Ba7 42. Rc1 1/2-1/2

[Event "WC-2014-S-00001"]
[Site "LSS email"]
[Date "2011.07.16"]
[Round "?"]
[White "Vasquez Nigro, Dario Javier"]
[Black "Garbar, Andrey V"]
[Result "1/2-1/2"]
[WhiteElo "2093"]
[BlackElo "2286"]
[PlyCount "122"]
[EventDate "2011.07.22"]
[EventType "tourn (corr)"]
[EventRounds "6"]
[EventCountry "GER"]
[SourceTitle "Corr 2015"]
[Source "ChessBase"]
[SourceDate "2015.07.17"]
[SourceVersion "1"]
[SourceVersionDate "2015.07.17"]
[SourceQuality "1"]

1. e4 c6 2. d4 d5 3. e5 Bf5 4. Be3 e6 5. Nd2 Nd7 6. Ngf3 Ne7 7. Be2 Bg6 8. Nh4 Nf5 9. Nxf5 Bxf5 10. c3 Be7 11. f4 Qb6 12. Qb3 h5 13. 0-0 a5 14. g3 Bh3 15. Rfc1 a4 16. Qxb6 Nxb6 17. Kf2 Kd7 18. b4 axb3 19. axb3 Ba3 20. Rc2 Bf5 21. Rca2 Bb2 22. Rxa8 Nxa8 23. Ra7 Bxc3 24. Rxb7+ Nc7 25. b4 Ra8 26. Bxh5 Ra2 27. Ke1 Rb2 28. g4 c5 29. gxf5 cxd4 30. Bxd4 Bxd4 31. Bxf7 Kc8 32. Rxc7+ Kxc7 33. fxe6 Kd8 34. Nf3 Bc3+ 35. Kf1 Rxb4 36. e7+ Kxe7 37. Bxd5 Rxf4 38. Ke2 Ba5 39. Ke3 Rg4 40. Bb3 Bb6+ 41. Kd3 Ba7 42. Bd5 Bb6 43. Bb3 Rf4 44. Bd5 Bc5 45. Kc3 Bb6 46. Kd3 Bf2 47. Kc3 Ba7 48. Kd3 Bb6 49. Kc3 Ba7 50. Kd3 Bb6 51. Kc3 Bc5 52. Kd3 Kd7 53. Kc3 Ra4 54. Kd3 Rg4 55. Kc3 Ke7 56. Kd3 Bf2 57. Kc3 Rf4 58. Kd3 Kd7 59. Kc3 Ke7 60. Kd3 Bc5 61. Kc3 Rg4 1/2-1/2